00281nam a2200109 a 4500008004100000050001600041100002100057245003100078260003600109300001700145350000900162120416s1966 ||||||||||||||||| || u aNA 7594 Mas aMasson, Georgina10aItalian villas and palaces aLondonbThames and Hudsonc1966 a288p. : ill. a0.00